| 000 | 01496cam a22003497a 4500 | ||
|---|---|---|---|
| 001 | 1136 | ||
| 005 | 20240607121508.0 | ||
| 020 | _a9781445407418 | ||
| 020 | _a1435143515 | ||
| 040 |
_aSRB _cSRB _dDLC _beng |
||
| 050 | 0 | 0 |
_aQL122.2 _b.M658 |
| 082 | 0 | 4 | _a591.77 |
| 100 | 1 |
_aMorgan, Sally, _d1957- |
|
| 245 | 1 | 0 |
_aThe children's encyclopedia of ocean's / _cSally Morgan. _bBegin to discover the amazing underwater world. |
| 250 | _a[Custom ed.] | ||
| 260 |
_aBath : _bParragon, _c2010. |
||
| 300 |
_a224 pages. : _bcololor illustrations ; _c28 cm. |
||
| 500 | _aIncludes index. | ||
| 505 | 0 | _aM | |
| 505 | 0 | _aThe world's oceans -- Beaches and shores -- Coastal life -- Coral reefs -- Open oceans -- The deep ocean -- Polar waters -- Oceans in danger. | |
| 520 | _aSeven percent of the world's oceans are covered in ice. The volume of water in the Pacific Ocean is the same size as the moon. Dive in and take an amazing voyage of discovery and exploration. Simple text and remarkable photography combine to explain the secrets of the sea in this awesome encyclopedia. | ||
| 521 |
_a810
_bLexile estimate |
||
| 521 |
_aM
_bRaz-Plus |
||
| 650 | 0 |
_aMarine animals _vEncyclopedias, Juvenile. |
|
| 650 | 0 |
_aOcean _vEncyclopedias, Juvenile. |
|
| 650 | 0 |
_aFishes _vEncyclopedias, Juvenile. |
|
| 650 | 1 |
_aMarine animals _vEncyclopedias. |
|
| 650 | 1 |
_aOcean _vEncyclopedias. |
|
| 650 | 1 |
_aFishes _vEncyclopedias. |
|
| 906 |
_a7 _bcbc _ccopycat _d2 _encip _f20 _gy-gencatlg |
||
| 942 |
_2ddc _cBK _n0 |
||
| 999 |
_c1136 _d1136 |
||